Economic theory and under-developed regions

Salvato in:
Dettagli Bibliografici
Autore principale: Myrdal, Gunnar (Autore)
Natura: Libro
Lingua:inglese
Pubblicazione: Londres University Paperbacks 1963
Serie:University Paperbacks
Soggetti:
Tags: Aggiungi Tag
Nessun Tag, puoi essere il primo ad aggiungerne!!

MARC

LEADER 00000nam a2200000 a 4500
001 UCR8119
003 CL-VaPUC
008 980519e19630000UK |||||||||||||||||eng|d
082 0 4 |a 330.01  |b MYR  |2 21 
100 |a Myrdal, Gunnar  |e author  |9 412874 
245 1 0 |a Economic theory and under-developed regions 
300 |a 167 p 
942 |c BK 
945 |d 19980519 00:00:00  |a lriquelm 
260 |a Londres  |b University Paperbacks  |c 1963 
650 0 |a Economía   |9 255568 
650 0 |a Países en desarrollo  |9 259663 
650 0 |a Teorías económicas  |9 270968 
650 0 |a Desarrollo económico y social   |9 256320 
650 0 |a Política económica   |9 255029 
650 7 |a PLANIFICACION  |2 CL-VaPUC  |9 260802 
650 0 |a Problemas sociales  |9 258537 
583 |a last modification  |c 19980519 00:00:00  |k Rodrigo Vera 
490 0 |a University Paperbacks 
999 |c 269683  |d 269681 
952 |0 0  |1 0  |4 0  |6 330_010000000000000_MYR_1963  |7 0  |8 A  |9 303541  |a BIBENE  |b BIBENE  |d 2019-11-20  |i 1996398  |o 330.01 MYR 1963  |p 1996398  |r 2025-01-15  |w 2019-11-20  |y BK  |k ICO